Budoucnost: jednotné řízení distribučních kanálů
Súčasný stav distribučných kanálov (pobočky, call centrá a ďalšie). Podpora a rozvoj distribučných kanálov. Nové produkty a služby portálovým či e-shopovým spôsobom. Jednotné automatizované prístupy potrebné ku konsolidácií dát. Multikanálové distribúcie systému Ness Technologies v ČR.
Saved in:
| Main Author: | |
|---|---|
| Format: | Book Chapter |
| Language: | Czech |
| Subjects: | |
| Tags: |
No Tags, Be the first to tag this record!
|
MARC
| LEADER | 00000naa$a2200000$$$4500 | ||
|---|---|---|---|
| 001 | 0106322 | ||
| 005 | 20231129092802.8 | ||
| 041 | 0 | |a cze | |
| 044 | |a CZ | ||
| 245 | 1 | 0 | |a Budoucnost: jednotné řízení distribučních kanálů |c Daniel Štěrba |
| 520 | |a Súčasný stav distribučných kanálov (pobočky, call centrá a ďalšie). Podpora a rozvoj distribučných kanálov. Nové produkty a služby portálovým či e-shopovým spôsobom. Jednotné automatizované prístupy potrebné ku konsolidácií dát. Multikanálové distribúcie systému Ness Technologies v ČR. | ||
| 610 | 2 | 0 | |a Česko |
| 610 | 2 | 0 | |a služby bankové |
| 610 | 2 | 0 | |a kanály distribučné |
| 610 | 2 | 0 | |a internetbanking |
| 610 | 2 | 0 | |a multiprocessing |
| 610 | 2 | 0 | |a bankomaty |
| 100 | 1 | |a Štěrba, Daniel | |